000 01215nam a2200277 4500
003 NALT
005 20251113135703.0
008 251107b th ||||| |||| 00| 0 eng d
040 _aNALT
050 _aQA 76.9.N38
_bD37T 2022
100 0 _aDarlyn Sirikasem.
_966920
245 1 0 _aThai paraphrasing tool for chatbot intent recognition training /
_cDarlyn Sirikasem.
260 _aNakhonpathom :
_bMahidol University,
_c2022.
300 _a86 p. :
_bill., tables, chart ;
_c30 cm.
505 2 _aChapter 1 Introduction -- Chapter 2 Related solution -- 2.1 Intent recognition frameworks -- 2.2 Paraphrasing methods -- Chapter 3 Analysis and design -- Chapter 4 Implementation -- Chapter 5 Evaluation and discussion -- Chapter 6 Conclusion.
650 0 _aChatbots
_966286
650 0 _aNatural language processing (Computer science)
_966974
650 0 _aArtificial intelligence
_xApplications
_966975
650 0 _aThai language
_xComputer-assisted processing
_966976
650 0 _aParaphrase
_xAutomation
_966977
942 _2lcc
_cRSH
996 _ajidapa.t
_bACQSTF
_c2025-11-07
996 _avaree.k
_bLIBSTF
_c2025-11-07
996 _ajamriang.p
_bCATSTF
_c2025-11-11
999 _c107444
_d107444
998 _j6650
_k นางสาววารี เกตุโฉม